000 00251nam a2200097Ia 4500
001 1156157
005 20250827011217.0
008 250824s9999 xx 000 0 und d
245 0 _aCOLUMBUSUN KADINLARI
_cMÜGE İPLİKÇİ
260 _bEVEREST YAYINLARI
999 _c1156157
_d1156157